00528 2200193 4500001002100000005001500021035002000036245007300056100001500129250001100144300002300155260004000178082001000218084001600228020002200244650001300266008004100279990001400320INLIS00000000000205220260511022713 a0010-05260000051 aFilsafat Komunikasi :bTradisi dan Metode Fenomenologi /cAlex Sobur0 aAlex Sobur aCet II a485 hlm. ;c24 cm. aBandung :bRemaja Rosdakarya,c2014 a155.2 a155.2 ALE f a978-979-692-155-3 4aFilsafat260511 0 ind  a201700261